01703nam a2200301 a 450000100100000000500170001000800410002704000250006808200200009310000400011324501870015326000360034030000330037649000400040950200790044956300940052859000260062265000280064865000310067670001010070770000390080883000470084791000390089495201180093395201240105195202110117599900150138600001019320240412074216.0091005s1990 dr a 000 p spa d aDO-SdBNPbspacBNPHU aRD861.44bG633c1 aGómez Rosa, Alexis,d1950-92350110aCabeza de alquiler (contra la pluma la espuma): poemas 1980-86 ;bOpio territorio (contra la pluma la espuma): poemas 1980-86 /cAlexis Gómez Rosa ; edición Luis Ceballos Blanco. aSanto Domingo :bTaller,c1990. a134, 108 p. :bil. ;c23 cm.1 aLuna cabeza caliente. Novilunio.v9 aPublicado con: Opio territorio: (contra la pluma la espuma) poemas 1980-86 aDos obras publicadas juntas con paginación independiente en encuadernación invertida. aInventariado, 2018/LP 0aPoesía dominicana966 0aLiteratura dominicana.96712aGómez Rosa, Alexis,d1950-tOpio territorio (contra la pluma la espuma): poemas 1980-869251961 aCeballos Blanco, Luis,eed.925197 0aLuna cabeza caliente. Novilunio.v9925198 aValidado. Control de calidad BNPHU 0010718PDaPDbPDcHDd2009-10-05iLF1l0oRD861.44 G633cp10193-10r2020-06-25w2020-06-25yLFPDZNo se presta 0010718PDaPDbPDcHDd2009-10-05iLF1l0oRD861.44 G633cp10193-20r2020-06-25te. 2w2020-06-25yLFPDZNo se presta 001054708DSaPDbPDcHDd2015-06-24iLF1l0oRD861.44 G633cp10193-30r2020-06-25te. 3w2020-06-25yLFDSzPerteneció a la biblioteca personal de Chiqui Vicioso / Fidelio Despradel.ZPréstamo en sala c9952d9952